• 首页
  • 本馆介绍
  • 公告通知
  • 最新文献
  • 馆藏检索
  • 电子资源
  • 读者导购
  • 参考咨询
  • 我的图书馆
  • 登录
  • 详细信息显示
  • 放入我的书架
  • 预约/预借图书
  • 作者相关作品
  • 分类相关作品
  • 丛书相关作品
  • 出版社相关作品

书目信息

  • 表格格式
  • 工作单格式
  • 卡片格式
题名:
无溶剂有机合成
    
 
作者: 日田中孝一 著 ;刘群 译
分册:  
出版信息: 北京   化学工业出版社  2005
页数:
开本: 26cm
丛书名: 国外优秀化学著作译丛
单 册:
中图分类: TQ637
科图分类:
主题词: 漆料--专用
电子资源:
ISBN: 7-5025-6320-2
000 00677nam0 2200217 450
001 0754114953
005 20070929150154.95
010    @a7-5025-6320-2@b精装
100    @a20070929d km y0chiy0120 ea
101 0  @achi
200 1  @a无溶剂有机合成@Awu rong ji you ji he cheng@f[日]田中孝一 著@F[ri]tian zhong xiao yi zhu@g刘群 译@Gliu qun yi
210    @a北京@c化学工业出版社@d2005
215    @c插图@d26cm
225 2  @a国外优秀化学著作译丛
410  0 @12001 @a国外优秀化学著作译丛
606 0  @a漆料@x专用
690    @aTQ637@v3
701  0 @a日田中孝一@Ari tian zhong xiao yi@4著
702  0 @a刘群@Aliu qun@4译
801  0 @aCN@bPFT@c20070929
905    @a213230@dTQ637@eh111@f1
    
    无溶剂有机合成/[日]田中孝一 著/刘群 译.-北京:化学工业出版社,2005
    插图;26cm.-(国外优秀化学著作译丛)
    
    
    ISBN 7-5025-6320-2(精装):
    
●
相关链接 在E读中查询图书 在五车中查询图书 在当当中查询图书 在豆瓣中查询图书


正题名:无溶剂有机合成     索取号:TQ637/h111         预约/预借

序号 登录号 条形码 馆藏地/架位号 状态 备注
1 6002287   260022870   密集书库-化学系/ [索取号:TQ637/h111] 在馆    
唐山师范学院图书馆 欢迎您!
大连网信软件有限公司© 版权所有